00896nam a2200265Ia 4500003000900000008004100009020003000050020003100080022002200111022002300133040001600156100002400172245004700196260005700243300002000300490002900320650003700349650002000386650004200406650005300448650001200501700002400513700002700537856006600564IN-BaIIA211028s9999 xx s 000 0 eng d a978-3-540-62551-3 (Print) a978-3-540-68068-0 (Online) a0075-8450 (Print) a1616-6361 (Online) cIIA Library aPan, Xing-Wang, ed. 0aContemporary Nuclear Shell Modelsh[eBook] aHeidelberg, BerlinbSpringer Berlin Heidelbergc1997 aOnline resource aLecture Notes in Physics a Mathematical Methods in Physics a Nuclear Fusion a Nuclear Physics, Heavy Ions, Hadrons a Numerical and Computational Physics, Simulation aPhysics aFeng, Da Hsuan, ed. aVallieres, Michel, ed. uhttp://doi.org/10.1007/BFb0104359yClick Here to Access eBook